[Event "Calchess State Scholastics"]
[Site "Santa Clara"]
[Date "2004.03.20"]
[Round "3"]
[White "Jangle, Hemang"]
[Black "Chen, Jerry"]
[Result "1-0"]
[WhiteElo "1005"]
[BlackElo "1200"]
[PlyCount "91"]
[EventDate "2004.03.20"]
[EventType "team"]
[EventRounds "6"]
[EventCountry "USA"]
[SourceTitle "EXT 2007"]
[Source "ChessBase"]
[SourceDate "2006.11.23"]
[SourceVersion "1"]
[SourceVersionDate "2006.11.23"]
[SourceQuality "1"]

1. e4 c5 2. Nf3 Nc6 3. Nc3 e6 4. a3 d6 5. h3 a6 6. Be2 Be7 7. Bd3 Bf6 8. 0-0 Nge7 9. Bc4 b5 10. Ba2 0-0 11. d3 Bxc3 12. bxc3 b4 13. axb4 cxb4 14. cxb4 Nxb4 15. Bc4 d5 16. exd5 exd5 17. Bb3 Be6 18. d4 Nec6 19. c3 Qd6 20. cxb4 Qxb4 21. Ba3 Qb7 22. Bxf8 Rxf8 23. Rb1 Qc7 24. Rc1 Qd6 25. Ba4 Bd7 26. Ne5 Rc8 27. Nxd7 Qxd7 28. Bxc6 Rxc6 29. Rxc6 Qxc6 30. Re1 g6 31. Qe2 Kg7 32. Qe5+ Kf8 33. Qb8+ Kg7 34. Qe8 Qf6 35. Qe5 h5 36. Qxf6+ Kxf6 37. Kf1 g5 38. Ke2 Ke6 39. Kd3+ Kd6 40. Rc1 g4 41. h4 f5 42. Ke3 a5 43. Kf4 a4 44. Kxf5 a3 45. Ra1 Kc6 46. Rxa3 1-0